000 00306nam a22001337a 4500
008 170905b xxu||||| |||| 00| 0 eng d
020 _a035313651038
041 _aeng
080 _a070
100 _a40
101 _aMED
245 _aSPRING HANDBOOK ETHICAL GUIDELINES
_cADAMS.H.S
942 _2udc
_cBK
999 _c26175
_d26175